000
00198 a2200097 4500
001
2712
100
_a
Loney, S.L.
245
_a
Plane trigonometry
260
_a
_b
Macmillan
_c
090
_c
2008
_d
2008
942
_a
NUST-CAE
_c
M
_c
11203
999
_c
237785
_d
237785